[Event "56th Rubinstein Memorial C 2020"]
[Site "Polanica Zdroj"]
[Date "2020.08.17"]
[Round "3.14"]
[White "Czyzykiewicz, Rafal"]
[Black "Plichta, Krzysztof"]
[Result "0-1"]
[WhiteElo "1777"]
[BlackElo "1605"]
[Annotator "NA RC"]
[PlyCount "106"]
[EventDate "2020.08.15"]
[EventType "swiss"]
[EventCountry "POL"]
[SourceTitle "playchess.com"]
[Source "ChessBase"]
[SourceQuality "1"]
[TimeControl "40/5400+30:1800+30"]

1. e4 {[%emt 0:00:00]} c6 {[%emt 0:03:39]} 2. d4 {[%emt 0:00:00]} d5 {[%emt 0:00:24]} 3. exd5 {[%emt 0:00:14]} cxd5 {[%emt 0:00:12]} 4. c4 {[%emt 0:00:21]} e6 {[%emt 0:01:04]} 5. Nc3 {[%emt 0:01:17]} Nf6 {[%emt 0:05:13]} 6. c5 {[%emt 0:00:48]} b6 {[%emt 0:01:43]} 7. b4 {[%emt 0:02:22]} a5 {[%emt 0:01:00]} 8. Na4 {[%emt 0:03:11]} Ne4 {[%emt 0:16:04]} 9. Nxb6 {[%emt 0:10:00]} Qxb6 {[%emt 0:00:18]} 10. cxb6 {[%emt 0:24:12]} Bxb4+ {[%emt 0:00:13]} 11. Bd2 {[%emt 0:01:00]} Bxd2+ {[%emt 0:01:22]} 12. Ke2 {[%emt 0:04:42]} Nc3+ {[%emt 0:07:22]} 13. Kxd2 {[%emt 0:00:05]} Nxd1 {[%emt 0:00:09]} 14. Rxd1 {[%emt 0:00:07]} Ba6 {[%emt 0:00:43]} 15. Ne2 {[%emt 0:04:53]} Nd7 {[%emt 0:02:34]} 16. Rb1 {[%emt 0:05:41]} Rb8 {[%emt 0:01:42]} 17. b7 {[%emt 0:04:41]} Rxb7 {[%emt 0:00:45]} 18. Rxb7 {[%emt 0:00:33]} Bxb7 {[%emt 0:00:09]} 19. Nc3 {[%emt 0:00:14]} Bc6 {[%emt 0:02:22]} 20. Bd3 {[%emt 0:01:48]} Ke7 {[%emt 0:01:11]} 21. Rc1 {[%emt 0:02:09]} Kd6 {[%emt 0:01:59]} 22. Nb5+ {[%emt 0:01:43]} Bxb5 {[%emt 0:01:09]} 23. Bxb5 {[%emt 0:00:04]} Rb8 {[%emt 0:02:18]} 24. Rc6+ {[%emt 0:02:00]} Ke7 {[%emt 0:00:32]} 25. a4 {[%emt 0:00:11]} Nb6 {[%emt 0:02:45]} 26. h4 {[%emt 0:11:07]} h5 {[%emt 0:16:36]} 27. Ke3 {[%emt 0:02:55]} Nc8 {[%emt 0:02:54]} 28. Ra6 {[%emt 0:04:59]} Nd6 {[%emt 0:00:46]} 29. Rxa5 {[%emt 0:05:53]} Nxb5 {[%emt 0:00:44]} 30. axb5 {[%emt 0:00:53]} Rb7 {[%emt 0:00:39]} 31. Kd3 {[%emt 0:00:27]} Kd7 {[%emt 0:00:42]} 32. Kc3 {[%emt 0:01:09]} Rc7+ {[%emt 0:00:59]} 33. Kb3 {[%emt 0:00:11]} Kc8 {[%emt 0:00:38]} 34. b6 {[%emt 0:01:35]} Rc6 {[%emt 0:06:39]} 35. Ra8+ {[%emt 0:03:31]} Kb7 {[%emt 0:00:06]} 36. Ra7+ {[%emt 0:00:02]} Kxb6 {[%emt 0:00:09]} 37. Rxf7 {[%emt 0:00:04]} Rc4 {[%emt 0:00:35]} 38. Re7 {[%emt 0:01:15]} Rxd4 {[%emt 0:00:13]} 39. Rxe6+ {[%emt 0:00:04]} Kc5 {[%emt 0:00:17]} 40. Kc3 {[%emt 0:00:00]} Rxh4 {[%emt 0:00:00]} 41. f3 {[%emt 0:06:43]} g5 {[%emt 0:05:42]} 42. Rg6 {[%emt 0:03:19]} g4 {[%emt 0:00:43]} 43. f4 {[%emt 0:01:22]} Rh2 {[%emt 0:02:11]} 44. Rg5 {[%emt 0:00:29]} Rxg2 {[%emt 0:00:33]} 45. Rxh5 {[%emt 0:00:05]} Rf2 {[%emt 0:02:34]} 46. f5 {[%emt 0:00:17]} g3 {[%emt 0:00:44]} 47. Rg5 {[%emt 0:00:18]} g2 {[%emt 0:01:33]} 48. f6 {[%emt 0:04:21]} Kd6 {[%emt 0:03:37]} 49. Kd4 {[%emt 0:00:23]} Ke6 {[%emt 0:00:30]} 50. f7 {[%emt 0:00:21]} Kxf7 {[%emt 0:00:32]} 51. Kxd5 {[%emt 0:00:06]} Kf6 {[%emt 0:00:32]} 52. Rg8 {[%emt 0:02:10]} Rf5+ {[%emt 0:00:38]} 53. Ke4 {[%emt 0:00:30]} Rg5 {[%emt 0:00:14]} 0-1

[Event "56th Rubinstein Memorial C 2020"]
[Site "Polanica Zdroj"]
[Date "2020.08.17"]
[Round "3.15"]
[White "Vanduyfhuys, Igor"]
[Black "Szopa, Emilia"]
[Result "0-1"]
[WhiteElo "1776"]
[BlackElo "1628"]
[Annotator "NA"]
[PlyCount "104"]
[EventDate "2020.08.15"]
[EventType "swiss"]
[EventCountry "POL"]
[SourceTitle "playchess.com"]
[Source "ChessBase"]
[SourceQuality "1"]
[TimeControl "40/5400+30:1800+30"]

1. e4 {[%emt 0:00:00]} c5 {[%emt 0:00:00]} 2. Nf3 {[%emt 0:00:00]} Nc6 {[%emt 0:00:00]} 3. d4 {[%emt 0:00:00]} cxd4 {[%emt 0:00:10]} 4. Nxd4 {[%emt 0:00:01]} Nf6 {[%emt 0:00:22]} 5. Nc3 {[%emt 0:00:42]} e5 {[%emt 0:00:15]} 6. Ndb5 {[%emt 0:00:39]} d6 {[%emt 0:00:23]} 7. Bg5 {[%emt 0:00:24]} a6 {[%emt 0:00:24]} 8. Na3 {[%emt 0:00:22]} b5 {[%emt 0:00:21]} 9. Nd5 {[%emt 0:00:34]} Be7 {[%emt 0:00:11]} 10. Bxf6 {[%emt 0:00:23]} Bxf6 {[%emt 0:00:07]} 11. c4 {[%emt 0:00:41]} b4 {[%emt 0:00:22]} 12. Nc2 {[%emt 0:00:19]} a5 {[%emt 0:00:52]} 13. g3 {[%emt 0:01:01]} Bg5 {[%emt 0:00:40]} 14. Bg2 {[%emt 0:00:30]} O-O {[%emt 0:01:25]} 15. O-O {[%emt 0:00:15]} Be6 {[%emt 0:01:28]} 16. Qd3 {[%emt 0:01:26]} Ne7 {[%emt 0:01:22]} 17. Nce3 {[%emt 0:00:28]} Nxd5 {[%emt 0:02:38]} 18. Nxd5 {[%emt 0:00:12]} Rb8 {[%emt 0:01:56]} 19. Rfd1 {[%emt 0:01:38]} Kh8 {[%emt 0:05:19]} 20. h4 {[%emt 0:00:51]} Be7 {[%emt 0:01:26]} 21. b3 {[%emt 0:00:30]} Bxd5 {[%emt 0:00:49]} 22. Qxd5 {[%emt 0:00:21]} Rc8 {[%emt 0:05:49]} 23. Kf1 {[%emt 0:00:56]} Rc5 {[%emt 0:00:52]} 24. Qd3 {[%emt 0:01:08]} Qc8 {[%emt 0:02:03]} 25. a3 {[%emt 0:00:40]} bxa3 {[%emt 0:03:35]} 26. Rxa3 {[%emt 0:00:07]} f5 {[%emt 0:02:06]} 27. Qd2 {[%emt 0:02:08]} f4 {[%emt 0:01:58]} 28. Kg1 {[%emt 0:00:44]} f3 {[%emt 0:02:01]} 29. Bf1 {[%emt 0:00:31]} Qg4 {[%emt 0:03:07]} 30. Rxa5 {[%emt 0:02:06]} Rxa5 {[%emt 0:01:44]} 31. Qxa5 {[%emt 0:00:07]} Bxh4 {[%emt 0:01:09]} 32. Kh2 {[%emt 0:00:23]} Bd8 {[%emt 0:21:41]} 33. Qd5 {[%emt 0:00:19]} Be7 {[%emt 0:04:15]} 34. Bh3 {[%emt 0:01:43]} Qh5 {[%emt 0:02:02]} 35. b4 {[%emt 0:00:37]} Qe8 {[%emt 0:09:32]} 36. b5 {[%emt 0:00:28]} Qa8 {[%emt 0:05:03]} 37. Qc6 {[%emt 0:01:37]} Rb8 {[%emt 0:07:32]} 38. Qc7 {[%emt 0:03:16]} Rb7 {[%emt 0:02:59]} 39. Ra1 {[%emt 0:01:59]} Qb8 {[%emt 0:00:25]} 40. Qxb8+ {[%emt 0:00:00]} Rxb8 {[%emt 0:00:00]} 41. Ra7 {[%emt 0:00:43]} Bd8 {[%emt 0:02:28]} 42. Rd7 {[%emt 0:00:05]} Bb6 {[%emt 0:00:08]} 43. Kg1 {[%emt 0:00:19]} Bc5 {[%emt 0:00:13]} 44. Bg4 {[%emt 0:00:19]} Rf8 {[%emt 0:01:10]} 45. Rc7 {[%emt 0:01:02]} g6 {[%emt 0:01:10]} 46. Rc6 {[%emt 0:00:09]} h5 {[%emt 0:00:53]} 47. Be6 {[%emt 0:00:06]} Ra8 {[%emt 0:04:31]} 48. Bh3 {[%emt 0:05:04]} Ra1+ {[%emt 0:01:54]} 49. Bf1 {[%emt 0:00:03]} Ra2 {[%emt 0:00:38]} 50. Bd3 {[%emt 0:01:27]} Bxf2+ {[%emt 0:00:24]} 51. Kf1 {[%emt 0:00:07]} Bxg3 {[%emt 0:00:49]} 52. Rxd6 {[%emt 0:01:41]} Ra1+ {[%emt 0:00:14]} 0-1

[Event "56th Rubinstein Memorial C 2020"]
[Site "Polanica Zdroj"]
[Date "2020.08.17"]
[Round "3.16"]
[White "Komendecki, Antoni"]
[Black "Grzadka, Artur"]
[Result "1-0"]
[WhiteElo "1631"]
[BlackElo "1775"]
[Annotator "NA"]
[PlyCount "81"]
[EventDate "2020.08.15"]
[EventType "swiss"]
[EventCountry "POL"]
[SourceTitle "playchess.com"]
[Source "ChessBase"]
[SourceQuality "1"]
[TimeControl "40/5400+30:1800+30"]

1. e4 c6 2. d4 d5 3. exd5 cxd5 4. Bd3 Nc6 5. c3 Qc7 6. h3 Nf6 7. Nf3 g6 8. O-O Bg7 9. Re1 Bf5 10. Be2 O-O 11. Be3 Rac8 12. Nbd2 a6 13. Qc1 b5 14. Nb3 Qb6 15. Nc5 Ne4 16. Nh4 Rfd8 17. Nxf5 gxf5 18. Bd3 e6 19. Bh6 Bxh6 20. Qxh6 Nxc5 21. dxc5 Qxc5 22. Re3 Ne7 23. Rg3+ Ng6 24. h4 Qf8 25. Qg5 f6 26. Qe3 Kf7 27. Qa7+ Qe7 28. Qxa6 Ra8 29. Qb6 Rdb8 30. Qe3 Qf8 31. Re1 Ra6 32. a4 f4 33. Bxg6+ hxg6 34. Qxf4 Rxa4 35. Qc7+ Kg8 36. Rxg6+ Kh8 37. Rxf6 Qxf6 38. Qxb8+ Kh7 39. Qxb5 Rxh4 40. Qd7+ Kh8 41. Rxe6 1-0

[Event "56th Rubinstein Memorial C 2020"]
[Site "Polanica Zdroj"]
[Date "2020.08.18"]
[Round "4.1"]
[White "Kozlowski, Pawel"]
[Black "Adamczewski, Maciej"]
[Result "1/2-1/2"]
[WhiteElo "1913"]
[BlackElo "2045"]
[Annotator "ChessBase"]
[PlyCount "88"]
[EventDate "2020.08.15"]
[EventType "swiss"]
[EventCountry "POL"]
[SourceTitle "playchess.com"]
[Source "ChessBase"]
[SourceQuality "1"]
[TimeControl "40/5400+30:1800+30"]

1. e4 {[%emt 0:00:00]} e6 {[%emt 0:02:31]} 2. d4 {[%emt 0:00:00]} d5 {[%emt 0:00:06]} 3. Bd3 {[%emt 0:00:00]} dxe4 {[%emt 0:00:10]} 4. Bxe4 {[%emt 0:00:00]} Nf6 {[%emt 0:00:09]} 5. Bf3 {[%emt 0:00:00]} c5 {[%emt 0:00:14]} 6. Ne2 {[%emt 0:00:00]} Nc6 {[%emt 0:00:19]} 7. Be3 {[%emt 0:00:07]} Be7 {[%emt 0:00:58]} 8. Nbc3 {[%emt 0:01:57]} O-O {[%emt 0:00:42]} 9. O-O {[%emt 0:24:27]} Qa5 {[%emt 0:00:49]} 10. Qc1 {[%emt 0:25:37]} cxd4 {[%emt 0:24:46]} 11. Nxd4 {[%emt 0:00:17]} Ne5 {[%emt 0:01:15]} 12. Be2 {[%emt 0:07:29]} Ng6 {[%emt 0:07:38]} 13. Nb3 {[%emt 0:05:20]} Qe5 {[%emt 0:00:32]} 14. Bd4 {[%emt 0:02:25]} Qb8 {[%emt 0:00:31]} 15. Bf3 {[%emt 0:04:04]} Nh4 {[%emt 0:02:56]} 16. Qe3 {[%emt 0:04:35]} Nf5 {[%emt 0:06:03]} 17. Qe2 {[%emt 0:00:17]} Nxd4 {[%emt 0:00:07]} 18. Nxd4 {[%emt 0:00:02]} Bd6 {[%emt 0:03:03]} 19. h3 {[%emt 0:00:47]} a6 {[%emt 0:00:17]} 20. Ne4 {[%emt 0:01:58]} Be5 {[%emt 0:01:05]} 21. Nxf6+ {[%emt 0:01:51]} Bxf6 {[%emt 0:00:21]} 22. Rad1 {[%emt 0:00:22]} Qc7 {[%emt 0:00:27]} 23. c3 {[%emt 0:00:57]} Bd7 {[%emt 0:00:42]} 24. Qe4 {[%emt 0:05:17]} Rab8 {[%emt 0:03:02]} 25. Rfe1 {[%emt 0:02:14]} Rfd8 {[%emt 0:05:03]} 26. a3 {[%emt 0:01:51]} g6 {[%emt 0:05:12]} 27. Qc2 {[%emt 0:04:45]} Qb6 {[%emt 0:01:57]} 28. Ne2 {[%emt 0:01:34]} Bb5 {[%emt 0:01:33]} 29. Rxd8+ {[%emt 0:00:55]} Rxd8 {[%emt 0:00:23]} 30. Rd1 {[%emt 0:00:23]} Rxd1+ {[%emt 0:01:56]} 31. Qxd1 {[%emt 0:00:01]} Kg7 {[%emt 0:00:57]} 32. Qd2 {[%emt 0:01:42]} Bc4 {[%emt 0:00:41]} 33. Ng3 {[%emt 0:01:09]} Be5 {[%emt 0:01:47]} 34. Nf1 {[%emt 0:00:40]} h5 {[%emt 0:02:38]} 35. Ne3 {[%emt 0:01:05]} Bb5 {[%emt 0:00:55]} 36. Be2 {[%emt 0:00:30]} Qc5 {[%emt 0:01:34]} 37. Bxb5 {[%emt 0:01:13]} Qxb5 {[%emt 0:00:08]} 38. Nf1 {[%emt 0:01:33]} Qb3 {[%emt 0:00:47]} 39. g3 {[%emt 0:00:51]} b5 {[%emt 0:00:16]} 40. Ne3 {[%emt 0:00:00]} Qa4 {[%emt 0:00:00]} 41. Qc2 {[%emt 0:00:52]} Qa5 {[%emt 0:07:55]} 42. Qe4 {[%emt 0:00:31]} Qc7 {[%emt 0:00:17]} 43. Kg2 {[%emt 0:10:23]} Qd6 {[%emt 0:01:52]} 44. a4 {[%emt 0:02:44]} Bf6 {[%emt 0:08:16]} 1/2-1/2

[Event "56th Rubinstein Memorial C 2020"]
[Site "Polanica Zdroj"]
[Date "2020.08.18"]
[Round "4.2"]
[White "Walkusz, Witoslaw"]
[Black "Podgorski, Maciej"]
[Result "0-1"]
[WhiteElo "2092"]
[BlackElo "1810"]
[Annotator "ChessBase"]
[PlyCount "68"]
[EventDate "2020.08.15"]
[EventType "swiss"]
[EventCountry "POL"]
[SourceTitle "playchess.com"]
[Source "ChessBase"]
[SourceQuality "1"]
[TimeControl "40/5400+30:1800+30"]

1. e4 c5 {[%emt 0:00:00]} 2. Nf3 {[%emt 0:00:00]} d6 {[%emt 0:00:00]} 3. Bb5+ {[%emt 0:00:00]} Nd7 {[%emt 0:00:11]} 4. a4 {[%emt 0:00:00]} a6 {[%emt 0:00:34]} 5. Bc4 {[%emt 0:00:06]} e6 {[%emt 0:00:34]} 6. Qe2 {[%emt 0:02:12]} Ngf6 {[%emt 0:00:54]} 7. d3 {[%emt 0:01:43]} Be7 {[%emt 0:03:31]} 8. O-O {[%emt 0:00:05]} b6 {[%emt 0:04:08]} 9. h3 {[%emt 0:07:51]} Bb7 {[%emt 0:01:07]} 10. Nbd2 {[%emt 0:04:28]} Qc7 {[%emt 0:03:02]} 11. c3 {[%emt 0:03:52]} O-O-O {[%emt 0:06:37]} 12. d4 {[%emt 0:02:57]} Nb8 {[%emt 0:05:41]} 13. e5 {[%emt 0:13:09]} Nh5 {[%emt 0:05:29]} 14. exd6 {[%emt 0:15:35]} Bxd6 {[%emt 0:07:39]} 15. Ne4 {[%emt 0:00:39]} Bf4 {[%emt 0:06:23]} 16. dxc5 {[%emt 0:04:30]} bxc5 {[%emt 0:00:56]} 17. b4 {[%emt 0:14:51]} Bxc1 {[%emt 0:04:10]} 18. Raxc1 {[%emt 0:01:29]} Nf4 {[%emt 0:13:11]} 19. Qe3 {[%emt 0:01:16]} Nd7 {[%emt 0:01:21]} 20. Rfd1 {[%emt 0:07:18]} Nb6 {[%emt 0:02:46]} 21. Bb3 {[%emt 0:02:45]} c4 {[%emt 0:02:50]} 22. Ba2 {[%emt 0:06:17]} Nbd5 {[%emt 0:03:06]} 23. Qe1 {[%emt 0:04:38]} Nd3 {[%emt 0:04:29]} 24. Rxd3 {[%emt 0:00:04]} cxd3 {[%emt 0:00:04]} 25. Bxd5 {[%emt 0:00:10]} Rxd5 {[%emt 0:03:20]} 26. c4 {[%emt 0:00:14]} Rd7 {[%emt 0:11:41]} 27. c5 {[%emt 0:00:05]} Bc6 {[%emt 0:05:35]} 28. b5 {[%emt 0:01:38]} Bxe4 {[%emt 0:00:58]} 29. Qxe4 {[%emt 0:00:18]} Rd5 {[%emt 0:00:43]} 30. b6 {[%emt 0:00:43]} Qc6 {[%emt 0:01:22]} 31. Qc4 {[%emt 0:03:30]} Kb7 {[%emt 0:01:18]} 32. Nd4 {[%emt 0:00:16]} Qxc5 {[%emt 0:00:46]} 33. Qxc5 {[%emt 0:02:59]} Rxc5 {[%emt 0:00:05]} 34. Rd1 {[%emt 0:00:42]} Rd8 {[%emt 0:01:12]} 0-1

[Event "56th Rubinstein Memorial C 2020"]
[Site "Polanica Zdroj"]
[Date "2020.08.18"]
[Round "4.3"]
[White "Budnik, Mateusz"]
[Black "Grot, Blazej"]
[Result "1-0"]
[WhiteElo "2033"]
[BlackElo "1768"]
[Annotator "ChessBase"]
[PlyCount "71"]
[EventDate "2020.08.15"]
[EventType "swiss"]
[EventCountry "POL"]
[SourceTitle "playchess.com"]
[Source "ChessBase"]
[SourceQuality "1"]
[TimeControl "40/5400+30:1800+30"]

1. Nf3 {[%emt 0:00:00]} Nf6 {[%emt 0:00:00]} 2. b3 {[%emt 0:00:00]} d5 {[%emt 0:00:22]} 3. Bb2 {[%emt 0:00:00]} e6 {[%emt 0:00:30]} 4. e3 {[%emt 0:00:04]} c5 {[%emt 0:00:13]} 5. Be2 {[%emt 0:00:40]} Bd6 {[%emt 0:01:01]} 6. O-O {[%emt 0:00:13]} Nc6 {[%emt 0:00:28]} 7. Bb5 {[%emt 0:00:14]} Qc7 {[%emt 0:05:04]} 8. Bxc6+ {[%emt 0:02:22]} bxc6 {[%emt 0:00:34]} 9. d3 {[%emt 0:00:57]} e5 {[%emt 0:01:17]} 10. e4 {[%emt 0:02:41]} O-O {[%emt 0:02:39]} 11. Re1 {[%emt 0:04:18]} Re8 {[%emt 0:01:57]} 12. Nbd2 {[%emt 0:00:51]} Bd7 {[%emt 0:06:59]} 13. Nf1 {[%emt 0:03:14]} Rad8 {[%emt 0:02:49]} 14. Ng3 {[%emt 0:01:39]} Bc8 {[%emt 0:09:54]} 15. Qd2 {[%emt 0:03:33]} Qb8 {[%emt 0:04:45]} 16. h3 {[%emt 0:03:34]} c4 {[%emt 0:13:30]} 17. Qc1 {[%emt 0:10:17]} dxe4 {[%emt 0:07:25]} 18. dxe4 {[%emt 0:03:02]} Bc5 {[%emt 0:01:46]} 19. Ba3 {[%emt 0:02:37]} Qb6 {[%emt 0:03:33]} 20. Bxc5 {[%emt 0:01:28]} Qxc5 {[%emt 0:01:05]} 21. Qe3 {[%emt 0:00:50]} Qb4 {[%emt 0:03:55]} 22. Qxa7 {[%emt 0:01:49]} Qc3 {[%emt 0:00:24]} 23. Qc5 {[%emt 0:04:19]} Qxc2 {[%emt 0:02:58]} 24. Rec1 {[%emt 0:05:34]} Qb2 {[%emt 0:04:51]} 25. Qxc4 {[%emt 0:00:37]} Be6 {[%emt 0:00:26]} 26. Qc2 {[%emt 0:01:34]} Qa3 {[%emt 0:01:28]} 27. Nxe5 {[%emt 0:02:51]} h5 {[%emt 0:01:45]} 28. Nf3 {[%emt 0:02:35]} Qa5 {[%emt 0:01:47]} 29. Rd1 {[%emt 0:00:53]} c5 {[%emt 0:01:46]} 30. Rxd8 {[%emt 0:00:21]} Rxd8 {[%emt 0:00:05]} 31. e5 {[%emt 0:01:05]} Nd5 {[%emt 0:00:47]} 32. Ng5 {[%emt 0:00:51]} Nf4 {[%emt 0:01:11]} 33. Qh7+ {[%emt 0:00:57]} Kf8 {[%emt 0:00:10]} 34. Qh8+ {[%emt 0:01:08]} Ke7 {[%emt 0:00:06]} 35. Qxg7 {[%emt 0:00:07]} Nd3 {[%emt 0:00:34]} 36. Qf6+ {[%emt 0:00:14]} 1-0

[Event "56th Rubinstein Memorial C 2020"]
[Site "Polanica Zdroj"]
[Date "2020.08.18"]
[Round "4.4"]
[White "Rudecki, Bartosz"]
[Black "Komendecki, Jacek"]
[Result "0-1"]
[WhiteElo "1831"]
[BlackElo "2024"]
[Annotator "ChessBase"]
[PlyCount "44"]
[EventDate "2020.08.15"]
[EventType "swiss"]
[EventCountry "POL"]
[SourceTitle "playchess.com"]
[Source "ChessBase"]
[SourceQuality "1"]
[TimeControl "40/5400+30:1800+30"]

1. e4 {[%emt 0:00:00]} c5 {[%emt 0:00:00]} 2. Nf3 {[%emt 0:00:00]} g6 {[%emt 0:00:00]} 3. g3 {[%emt 0:02:26]} Bg7 {[%emt 0:00:00]} 4. Bg2 {[%emt 0:00:07]} Nc6 {[%emt 0:00:14]} 5. O-O {[%emt 0:00:21]} e5 {[%emt 0:00:17]} 6. Nc3 {[%emt 0:06:20]} Nge7 {[%emt 0:00:11]} 7. Nd5 {[%emt 0:01:04]} O-O {[%emt 0:00:32]} 8. d3 {[%emt 0:01:24]} d6 {[%emt 0:00:11]} 9. c3 {[%emt 0:01:01]} Nxd5 {[%emt 0:05:14]} 10. exd5 {[%emt 0:05:29]} Ne7 {[%emt 0:01:06]} 11. d4 {[%emt 0:01:24]} exd4 {[%emt 0:04:56]} 12. cxd4 {[%emt 0:00:08]} Nxd5 {[%emt 0:01:57]} 13. dxc5 {[%emt 0:00:11]} dxc5 {[%emt 0:00:10]} 14. Qb3 {[%emt 0:03:10]} Nb4 {[%emt 0:13:35]} 15. Rd1 {[%emt 0:06:59]} Qa5 {[%emt 0:00:52]} 16. Ng5 {[%emt 0:03:21]} Bg4 {[%emt 0:04:04]} 17. Bf3 {[%emt 0:01:41]} Bxf3 {[%emt 0:00:43]} 18. Qxf3 {[%emt 0:01:08]} Nc2 {[%emt 0:08:53]} 19. Bd2 {[%emt 0:00:32]} Qa6 {[%emt 0:00:19]} 20. Rab1 {[%emt 0:01:47]} Nd4 {[%emt 0:01:52]} 21. Qg4 {[%emt 0:04:24]} h6 {[%emt 0:08:12]} 22. Nh3 {[%emt 0:01:16]} f5 {[%emt 0:00:33]} 0-1

[Event "56th Rubinstein Memorial C 2020"]
[Site "Polanica Zdroj"]
[Date "2020.08.18"]
[Round "4.5"]
[White "Mazalon, Mariusz"]
[Black "Wolak, Julia"]
[Result "1-0"]
[WhiteElo "1980"]
[BlackElo "1516"]
[Annotator "TA"]
[PlyCount "103"]
[EventDate "2020.08.15"]
[EventType "swiss"]
[EventCountry "POL"]
[SourceTitle "playchess.com"]
[Source "ChessBase"]
[SourceQuality "1"]

{[%evp 24,103,47,17,27,30,28,24,11,18,61,70,62,0,56,58,80,78,118,109,114,102,112,104,90,64,98,96,166,158,197,164,169,166,141,117,118,104,98,77,77,77,72,66,67,17,25,2,5,1,1,1,1,1,1,0,0,0,0,0,0,0,0,0,3,3,3,0,0,0,0,0,0,0,0,0,2401,1409,4618,2426,1230,1237]} 1. d4 Nf6 2. c4 c5 3. d5 b5 4. cxb5 a6 5. bxa6 Bxa6 6. Nc3 g6 7. Nf3 Bg7 8. g3 O-O 9. Bg2 d6 10. O-O Nbd7 {[%cal Bb8d7,Bd7b6,Bb6d5,Bd5c3][%mdl 32]} 11. Rb1 Qa5 12. Bd2 Rfb8 13. Qc2 Qc7 {A58: Benko/Volga Gambit: Lines with 5 bxa6.} 14. b3 Nb6 15. Nh4 Qb7 {White has an edge.} 16. Rfd1 Nfxd5 17. Nxd5 Nxd5 {[#]} 18. Bf4 {[#]} (18. Bh6 $1 $14 {[%mdl 512]} Bxh6 19. Bxd5) 18... e6 ({Avoid the trap} 18... Bd4 $2 19. e3 $18) (18... Nxf4 $1 $11 {[%mdl 512]} 19. gxf4 (19. Bxb7 Nxe2+ 20. Kg2 Bxb7+ 21. Kf1 Nc3 $17) 19... Qc8 20. Bxa8 Rxa8) 19. Bxd6 $14 {[%mdl 64] [#] Double Attack} Rd8 $146 ({Predecessor:} 19... Re8 20. Bf4 Qe7 21. Bxd5 exd5 22. Rxd5 Bb7 23. Rbd1 Bxd5 24. Rxd5 c4 25. bxc4 Ra3 26. Bd6 {1-0 (26) Dunn,M (1909)-Kevork,C Cammeray 2011}) 20. Bxc5 Rac8 21. b4 {Threatens to win with b5!} Qb5 22. Bf1 {Strongly threatening e4.} Nc3 {[#]} 23. Rxd8+ $1 Rxd8 24. Re1 Qd7 25. Nf3 Bc4 (25... Ra8 $16 {was called for.}) 26. e3 $18 Bxa2 27. Nd4 e5 28. Qxc3 exd4 29. exd4 Bxd4 30. Bxd4 (30. Qa3 {is interesting.} Be6 31. b5 Rc8 32. Bxd4 Qxd4 33. Qa1) 30... Qxd4 31. Qxd4 (31. Qa3 {looks sharper.} Bd5 32. b5 Bb7 33. Qa2 Ra8 34. Qb3) 31... Rxd4 {[%mdl 4096] Endgame KRB-KRB} 32. b5 Rb4 33. f4 Kf8 34. h4 Be6 35. Rd1 Ke7 36. Kf2 Bd7 37. Rd5 Ke6 38. Re5+ Kd6 39. h5 f6 40. hxg6 hxg6 41. Re3 Bxb5 42. Bxb5 Rxb5 $11 {KR-KR} 43. Re8 Rf5 44. Kf3 g5 45. Ke4 Rb5 46. f5 Rb4+ 47. Ke3 Rb3+ 48. Kf2 Rb2+ 49. Kf3 {And now Re6+ would win.} Rb5 $2 {[%mdl 8192]} (49... Rb4 $11) 50. Re6+ $18 {[%mdl 64] Double Attack. White is clearly winning.} Kd5 {[#]} 51. Kg4 $1 Rb4+ 52. Kh5 {Accuracy: White = 92%, Black = 72%.} 1-0

[Event "56th Rubinstein Memorial C 2020"]
[Site "Polanica Zdroj"]
[Date "2020.08.18"]
[Round "4.6"]
[White "Janzer, Hubert"]
[Black "Raczek, Krzysztof"]
[Result "1-0"]
[WhiteElo "1893"]
[BlackElo "1712"]
[Annotator "NA"]
[PlyCount "117"]
[EventDate "2020.08.15"]
[EventType "swiss"]
[EventCountry "POL"]
[SourceTitle "playchess.com"]
[Source "ChessBase"]
[SourceQuality "1"]
[TimeControl "40/5400+30:1800+30"]

1. d4 Nf6 2. Bf4 g6 3. Nc3 d5 4. e3 Bg7 5. h4 c6 6. Nf3 {A45: Trompowsky Attack.} Bg4 7. Be2 h5 8. Ne5 Bxe2 9. Qxe2 Nfd7 {[#]} 10. Nd3 $146 ({Predecessor:} 10. O-O-O Nxe5 11. Bxe5 Bxe5 12. dxe5 Nd7 13. e4 e6 14. exd5 cxd5 15. Nb5 Kf8 16. f4 {1-0 (80) Gumularz,S (2513)-Petrosyan,M (2607) chess.com INT 2020}) 10... Nb6 11. O-O-O N8d7 12. g4 hxg4 13. Qxg4 Nf6 14. Qg2 Nc4 15. Rdg1 Qa5 16. a4 Nh5 17. Bh2 Qd8 18. b3 Nd6 19. Ne2 Nf5 20. Be5 Bxe5 21. Nxe5 Qd6 22. Kb2 Rh7 23. c4 O-O-O 24. cxd5 cxd5 25. Rc1+ Kb8 26. Rc5 Nf6 27. Nf4 e6 28. Nfd3 Ne4 29. Rc2 a6 30. Nc5 Nxc5 $11 31. Rxc5 Qe7 32. Rhc1 Nxh4 33. Qh2 Qd6 34. Rc8+ Ka7 35. R8c7 Ka8 36. R1c6 bxc6 37. Nxc6 f6 38. Rc8+ Rxc8 39. Qg3 Qf4 40. Qxf4 Rd7 41. Qd6 Rdc7 42. Nb4 a5 43. Qa6+ Kb8 44. Qb6+ Rb7 45. Nc6+ Rxc6 46. Qxc6 Nf3 47. Qxe6 Nd2 48. Qd6+ Ka8 49. Qxd5 Nxb3 50. Kc3 Ka7 51. Qe6 Rb6 52. Qe7+ Ka6 53. d5 Nc1 54. d6 Na2+ 55. Kc4 Rc6+ 56. Kd4 Nb4 57. d7 Rc7 58. Qd6+ Nc6+ 59. Kd5 1-0

[Event "56th Rubinstein Memorial C 2020"]
[Site "Polanica Zdroj"]
[Date "2020.08.18"]
[Round "4.7"]
[White "Bartlomowicz, Jakub"]
[Black "Lewandrowski, Tomasz"]
[Result "1-0"]
[WhiteElo "1613"]
[BlackElo "1879"]
[Annotator "NA"]
[PlyCount "43"]
[EventDate "2020.08.15"]
[EventType "swiss"]
[EventCountry "POL"]
[SourceTitle "playchess.com"]
[Source "ChessBase"]
[SourceQuality "1"]
[TimeControl "40/5400+30:1800+30"]

1. e4 {[%emt 0:00:00]} c5 {[%emt 0:00:00]} 2. Nf3 {[%emt 0:00:00]} d6 {[%emt 0:00:00]} 3. d4 {[%emt 0:00:14]} cxd4 {[%emt 0:00:00]} 4. Nxd4 {[%emt 0:00:15]} Nf6 {[%emt 0:00:00]} 5. Nc3 {[%emt 0:00:40]} a6 {[%emt 0:00:14]} 6. Bg5 {[%emt 0:00:54]} e6 {[%emt 0:00:50]} 7. f4 {[%emt 0:01:02]} Be7 {[%emt 0:00:49]} 8. Qf3 {[%emt 0:01:00]} h6 {[%emt 0:03:13]} 9. Bh4 {[%emt 0:01:45]} g5 {[%emt 0:04:56]} 10. fxg5 {[%emt 0:01:56]} Ng8 {[%emt 0:00:10] [#] B98: Sicilian Najdorf: 6 Bg5 e6 7 f4 Be7, sidelines.} 11. O-O-O $146 {[%emt 0:00:49]} ({Predecessor:} 11. Bb5+ axb5 12. O-O Rh7 13. g6 fxg6 14. Qg4 Rg7 15. Bxe7 Kxe7 16. Rae1 e5 17. Nd5+ Ke8 18. Ne6 {1-0 (18) Bongers,E-Belle,E (2075) Soest 1995}) 11... hxg5 {[%emt 0:01:23]} 12. Bg3 {[%emt 0:01:43]} Nc6 {[%emt 0:01:08]} 13. Nxc6 {[%emt 0:04:07]} bxc6 {[%emt 0:00:10]} 14. Bxd6 {[%emt 0:01:14]} Qb6 {[%emt 0:04:06]} 15. Bxe7 {[%emt 0:01:00]} Kxe7 {[%emt 0:00:58]} 16. Qg3 {[%emt 0:01:30]} f6 {[%emt 0:06:22]} 17. e5 {[%emt 0:02:16]} Qa5 {[%emt 0:01:00]} 18. exf6+ {[%emt 0:00:34]} Nxf6 {[%emt 0:00:11]} 19. Qd6+ {[%emt 0:00:27]} Kf7 {[%emt 0:00:23]} 20. Bc4 {[%emt 0:00:38]} Ra7 {[%emt 0:02:00]} 21. Rhf1 $18 {[%emt 0:00:25]} Rd7 {[%emt 0:02:45]} 22. Bxe6+ {[%emt 0:00:08]} 1-0